000 00847nam a2200241 a 4500
001 000006472
005 20260115123654.0
008 090831s1995 dr r 000 0 spa d
040 _aDO-SdBNP
_bspa
_cBNPHU
082 _a170
_bM761m
100 1 _aMotalvo C. , Rafael V.
_917941
245 1 3 _aEl ABC de la moral y cívica :
_bgente nueva para una patria nueva /
_cRafael V. Montalvo C. , Henry A. Rojas L.
260 _aSanto Domingo :
_bMontalvo,
_c1995.
300 _a240 p. :
_bil. ;
_c21 cm.
500 _aIncluye referencias bibliográficas y notas al pie de las páginas
504 _aBibliografía : p. 239
650 0 _aEducación moral
_91607
650 0 _aEducación cívica
_91206
650 0 _aValores (Filosofía)
_9604
650 0 _aVida cristiana
_9668
650 0 _aValores sociales
_91087
700 1 _aRojas L. , Henry A.
_917942
999 _c6264
_d6264